AH International Schools' Libraries

Now I Lay Me Down to Sleep / (Record no. 49112)

MARC details
000 -LEADER
fixed length control field 00402nam a2200121 4500
020 ## - INTERNATIONAL STANDARD BOOK NUMBER
International Standard Book Number 9780784729373
100 ## - MAIN ENTRY--PERSONAL NAME
Personal name Standard Publishing Editorial Staff,
Relator term editor.
9 (RLIN) 86459
245 ## - TITLE STATEMENT
Title Now I Lay Me Down to Sleep /
Statement of responsibility, etc by Standard Publishing Editorial Staff.
260 ## - PUBLICATION, DISTRIBUTION, ETC. (IMPRINT)
Place of publication, distribution, etc Cincinati, OH:
Name of publisher, distributor, etc Standard Publishing;
Date of publication, distribution, etc January 3, 2011.
300 ## - PHYSICAL DESCRIPTION
Extent 18 pages.
490 ## - SERIES STATEMENT
Series statement Every Baby is a blessing
942 ## - ADDED ENTRY ELEMENTS (KOHA)
Source of classification or shelving scheme
Koha item type Board Book
Holdings
Withdrawn status Lost status Source of classification or shelving scheme Damaged status Not for loan Home library Current library Date acquired Total Checkouts Full call number Barcode Checked out Date last seen Date checked out Price effective from Koha item type
          Logos International School Logos International School 08/05/2025 1 BB STA 040619 12/23/2025 08/06/2025 08/06/2025 08/05/2025 Board Book

For any Logos Library related questions please contact Miss Art at swongnarasuk@asianhope.org.

For any Asian Hope Library related questions please contact Miss Raza at graza@asianhope.org.

Click here to explore our ebooks!

Powered by Koha